Zgadnij miasto w Województwie Śląskim po Autobusie - Statystyki

Ogólne statystyki
  • Ten quiz został rozwiązany 30 razy
  • Średni wynik to 7 z 17
Statystyki odpowiedzi
Obrazkowy Odpowiedź % Poprawnych
Zawiercie
77%
Częstochowa
73%
Katowice
73%
Jaworzno
68%
Sosnowiec
64%
Bielsko-Biała
59%
Rybnik
59%
Gliwice
50%
Jastrzębie Zdrój
27%
Pszczyna
27%
Racibórz
23%
Żywiec
23%
Czechowice Dziedzice
18%
Żory
18%
Świerklaniec
14%
Wodzisław Śląski
14%
Myszków
9%
Nie znaleziono quizów pasujących do podanych kryteriów
Rozkład punktacji
Procent ludzi z każdym wynikiem
Percentyl według liczby udzielonych odpowiedzi
Twoja historia wyników
Nie rozwiązałeś tego quizu